Where have all the first-time buyers gone?: estimating the first-time buyer population in the United Kingdom (Record no. 52299)

MARC details
000 -LEADER
fixed length control field 00897cab a2200217 4500
001 - CONTROL NUMBER
control field ABS52513
008 - FIXED-LENGTH DATA ELEMENTS--GENERAL INFORMATION
fixed length control field 090401t1995 xxu||||| |||| 00| 0 eng d
035 ## - SYSTEM CONTROL NUMBER
System control number (Sirsi) u82801
041 ## - LANGUAGE CODE
Language code of text/sound track or separate title eng
100 ## - MAIN ENTRY--PERSONAL NAME
Personal name Holmans, A.
245 ## - TITLE STATEMENT
Title Where have all the first-time buyers gone?: estimating the first-time buyer population in the United Kingdom
260 ## - PUBLICATION, DISTRIBUTION, ETC.
Date of publication, distribution, etc. 1995
350 ## - PRICE (NR) (BK AM CF MU VM SE) [OBSOLETE]
Price 0
490 ## - SERIES STATEMENT
Series statement Housing Finance
Volume/sequential designation (25) February 1995, 7-13(7)
520 ## - SUMMARY, ETC.
Summary, etc. Addresses questions of interpreting the first-time buyer demand for houses which is widely seen to be below `normal` and a result of purchase postponement. Sets the present low demand in its historical and demographic contexts and attempts to analyse and explain.
650 ## - SUBJECT ADDED ENTRY--TOPICAL TERM
Topical term or geographic name entry element FIRST-TIME BUYERS
650 ## - SUBJECT ADDED ENTRY--TOPICAL TERM
Topical term or geographic name entry element HOUSING MARKET
690 ## - LOCAL SUBJECT ADDED ENTRY--TOPICAL TERM (OCLC, RLIN)
Topical term or geographic name as entry element PROPERTY-RESIDENTIAL PROPERTY-RESIDENTIAL PROPERTY MARKET
942 ## - ADDED ENTRY ELEMENTS (KOHA)
Suppress in OPAC 0
948 ## - LOCAL PROCESSING INFORMATION (OCLC); SERIES PART DESIGNATOR (RLIN)
c (OCLC) 04/03/1997
Holdings
Withdrawn status Lost status Source of classification or shelving scheme Damaged status Not for loan Home library Current library Shelving location Date acquired Total Checkouts Full call number Barcode Date last seen Copy number Price effective from Koha item type
    Dewey Decimal Classification     London London Journal article 14/09/1999   ABS52513 82801-1001 06/08/2019 1 06/08/2019 Journal article